| 000 | 00686nam a22001695i 4500 | ||
|---|---|---|---|
| 001 | 151870 | ||
| 003 | ES-MaACL | ||
| 005 | 20230906204425.0 | ||
| 008 | 021112s1892 sp |||| | spa d | ||
| 040 |
_aCCPB | B _bspa _cCCPB | B |
||
| 100 | 1 |
_aBenjumeda y Miranda, José Alberto. _9125917 |
|
| 245 | 1 | 0 |
_aEtiologia y profilaxis del paludismo / _cmemoria escrita por José Alberto Benjumeda y Miranda... para optar al grado de doctor en la misma facultad. |
| 260 |
_aCádiz : _b[s.n.], _c1892 ( _fImprenta Ibérica) |
||
| 300 |
_a34 p. ; _c21 cm. |
||
| 650 | 0 | 4 |
_aPaludismo. _915811 |
| 852 |
_aES-MaACL _jT-526-F-5 _z-- Enc. hol., falto de la cub. original _z-- Enc. en un vol. facticio |
||
| 999 |
_c151870 _d151870 |
||